Countries closest to Jakarta - Statistics

General Stats
  • This quiz has been taken 71 times
    57 since last reset
  • The average score is 22 of 26
Answer Stats
Distance to Jakarta Country % Correct
889 km | 552 mi Malaysia
98%
2,695 km | 1,675 mi China
96%
887 km | 551 mi Singapore
96%
1,887 km | 1,173 mi Australia
94%
1,443 km | 897 mi Thailand
94%
1,649 km | 1,025 mi Vietnam
94%
4,786 km | 2,974 mi Japan
92%
2,169 km | 1,348 mi Laos
92%
2,046 km | 1,271 mi Myanmar
92%
1,424 km | 885 mi Brunei
90%
1,883 km | 1,170 mi Cambodia
90%
3,473 km | 2,158 mi India
90%
5,049 km | 3,137 mi South Korea
88%
3,129 km | 1,994 mi Sri Lanka
88%
4,177 km | 2,595 mi Nepal
86%
3,768 km | 2,341 mi Papua New Guinea
86%
3,508 km | 2,179 mi Taiwan
84%
1,908 km | 1,186 mi East Timor
82%
5,168 km | 3,222 mi Pakistan
82%
2,180 km | 1,355 mi Philippines
80%
3,323 km | 2,065 mi Bangladesh
78%
4,029 km | 2,504 mi Bhutan
78%
3,800 km | 2,361 mi Maldives
78%
3;461 km | 2,151 mi Palau
69%
5,201 km | 3,232 mi Federated States of Micronesia
59%
4,732 km | 2,940 mi United States
49%
No matching quizzes found
Score Distribution
Percent of People with Each Score
Percentile by Number Answered
Your Score History
You have not taken this quiz since the last reset